000
00304nam a22001457a 4500
008
230524b ||||| |||| 00| 0 eng d
020
_a
9782501052962
041
_a
FRA
080
_a
82
082
_a
82HAM
100
_a
38
101
_a
GJL
245
_a
LA MYTHOLOGIE
_c
HAMILTON.E
942
_2
udc
_c
BK
999
_c
59843
_d
59843